GMAT official guide verbal review 2019 (Record no. 26260)

000 -LEADER
fixed length control field 00381nam a2200133Ia 4500
008 - FIXED-LENGTH DATA ELEMENTS--GENERAL INFORMATION
fixed length control field 230413s9999||||xx |||||||||||||| ||und||
020 ## - INTERNATIONAL STANDARD BOOK NUMBER
International Standard Book Number 9781119529392
082 ## - DEWEY DECIMAL CLASSIFICATION NUMBER
Classification number 650.076
Item number G733
100 ## - MAIN ENTRY--PERSONAL NAME
Personal name Graduate Management Admission Council
245 #0 - TITLE STATEMENT
Title GMAT official guide verbal review 2019
260 ## - PUBLICATION, DISTRIBUTION, ETC. (IMPRINT)
Place of publication, distribution, etc New Jersey
Name of publisher, distributor, etc John Wiley & Sons, Inc.
Date of publication, distribution, etc 2018
300 ## - PHYSICAL DESCRIPTION
Extent v, 381 p.
942 ## - ADDED ENTRY ELEMENTS (KOHA)
Item type Books
Holdings
Withdrawn status Lost status Damaged status Not for loan Permanent location Current location Date acquired Source of acquisition Full call number Barcode Date last seen Koha item type
        IMU Kolkata IMU Kolkata 2023-04-13 Gifted by Shailendra S Kathait (6049) 650.076 G733 G00525 2023-04-13 Books
Designed and Maintained by IMU-KC Library, Kolkata Campus © Copyright All Rights Reserved

webs counters

Powered by Koha